[Event "Gibtelecom Masters"]
[Site "Gibraltar"]
[Date "2008.01.28"]
[Round "7.66"]
[White "Molina, Antonio"]
[Black "Van Kemenade, Rudy"]
[Result "1-0"]
[WhiteElo "2189"]
[BlackElo "2029"]
[PlyCount "111"]
[EventDate "2008.01.22"]

1. d4 f5 2. c4 Nf6 3. g3 g6 4. Bg2 Bg7 5. Nf3 d6 6. O-O O-O 7. Nc3 c6 8. d5 Qe8
9. Re1 Na6 10. Nd4 Bd7 11. Rb1 Rb8 12. h3 Nc5 13. b3 h6 14. h4 Nce4 15. Bb2
Nxc3 16. Bxc3 c5 17. Nf3 b5 18. Nd2 g5 19. hxg5 hxg5 20. e3 Ng4 21. Bxg7 Kxg7
22. f3 Ne5 23. Qe2 Qg6 24. f4 Ng4 25. Nf3 gxf4 26. exf4 Rfe8 27. Ng5 Qf6 28.
Qd2 Qh6 29. Bf3 Nf6 30. Kg2 bxc4 31. Rh1 Qg6 32. bxc4 Rxb1 33. Rxb1 Ne4 34.
Bxe4 fxe4 35. Qc3+ Qf6 36. Qxf6+ exf6 37. Rb7 fxg5 38. Rxd7+ Kf6 39. Rxd6+ Kf5
40. fxg5 Kxg5 41. Re6 Rb8 42. Rxe4 Rb2+ 43. Kf3 Rxa2 44. Re5+ Kf6 45. Re6+ Kf5
46. g4+ Kg5 47. Rc6 Ra3+ 48. Ke4 Kxg4 49. Rxc5 Ra1 50. d6 Re1+ 51. Kd5 Kf5 52.
d7 Rd1+ 53. Kc6+ Ke6 54. Rd5 Rxd5 55. cxd5+ Ke7 56. Kc7 1-0

[Event "Gibtelecom Masters"]
[Site "Gibraltar"]
[Date "2008.01.28"]
[Round "7.67"]
[White "Heinis, Vincent"]
[Black "Greef, Melissa"]
[Result "1-0"]
[WhiteElo "2184"]
[BlackElo "2025"]
[PlyCount "111"]
[EventDate "2008.01.22"]

1. d4 Nf6 2. Nf3 g6 3. c4 Bg7 4. Nc3 O-O 5. e4 d6 6. Be2 Na6 7. O-O e5 8. Be3
Ng4 9. Bg5 f6 10. Bh4 Qe8 11. c5 exd4 12. Nxd4 dxc5 13. Nb3 h5 14. h3 Ne5 15.
f4 Nf7 16. Nd5 Qd8 17. e5 g5 18. exf6 gxh4 19. fxg7 Kxg7 20. Nxc5 Nd6 21. Nxa6
bxa6 22. Rc1 Be6 23. Nxc7 Bxa2 24. Nxa8 Qf6 25. Rc7+ Kg8 26. Bf3 Nf7 27. Bd5
Bxd5 28. Qxd5 Qxb2 29. Rfc1 Qb5 30. Qxb5 axb5 31. Rxa7 Rb8 32. Nc7 b4 33. Ra8
Rxa8 34. Nxa8 Nd6 35. Rb1 Kf7 36. Rxb4 Ke6 37. Rb6 Kd5 38. Rxd6+ Kxd6 39. Kf2
Kd5 40. Kf3 Ke6 41. Nb6 Kf5 42. Nc4 Kg6 43. Ke4 Kf6 44. Nd2 Ke6 45. Nf3 Kf6 46.
Nxh4 Ke6 47. Nf3 Kf6 48. g4 hxg4 49. hxg4 Kf7 50. Kf5 Kg7 51. g5 Kf8 52. Kf6
Kg8 53. g6 Kf8 54. g7+ Kg8 55. Ne5 Kh7 56. Kf7 1-0

[Event "Gibtelecom Masters"]
[Site "Gibraltar"]
[Date "2008.01.28"]
[Round "7.68"]
[White "Gibson, Christopher A"]
[Black "Vasvari, Tamas"]
[Result "1/2-1/2"]
[WhiteElo "2019"]
[BlackElo "2174"]
[PlyCount "68"]
[EventDate "2008.01.22"]

1. d4 d5 2. c4 c6 3. Nf3 Nf6 4. Nc3 dxc4 5. a4 Bf5 6. e3 e6 7. Bxc4 Nbd7 8. O-O
a5 9. Qe2 Bg4 10. Rd1 Qc7 11. e4 Bb4 12. Bg5 O-O 13. Rac1 h6 14. Bxf6 Nxf6 15.
e5 Nd7 16. h3 Bxf3 17. Qxf3 Rfd8 18. Rd3 Qb6 19. Ne4 Be7 20. b3 Qb4 21. Qh5 Rf8
22. Rg3 Kh8 23. Rcc3 Qa3 24. Bxe6 fxe6 25. Rxg7 Kxg7 26. Rg3+ Bg5 27. Nxg5 Qc1+
28. Kh2 hxg5 29. Rxg5+ Qxg5 30. Qxg5+ Kf7 31. Qh5+ Ke7 32. Qg5+ Ke8 33. Qg6+
Ke7 34. Qg5+ Ke8 1/2-1/2

[Event "Gibtelecom Masters"]
[Site "Gibraltar"]
[Date "2008.01.28"]
[Round "7.69"]
[White "Vea, Odin Blikra"]
[Black "Helin, Mikael"]
[Result "1-0"]
[WhiteElo "2168"]
[BlackElo "1935"]
[PlyCount "105"]
[EventDate "2008.01.22"]

1. e4 c5 2. Nc3 Nc6 3. f4 e6 4. Nf3 a6 5. a4 Qc7 6. f5 Nf6 7. fxe6 dxe6 8. Bc4
Bd7 9. d3 Bd6 10. Be3 Ng4 11. Bg1 Nce5 12. Nxe5 Nxe5 13. Ba2 h5 14. Qe2 b5 15.
Be3 b4 16. Nd1 Ng4 17. h3 Nxe3 18. Nxe3 Bg3+ 19. Kd2 h4 20. Bb3 Bf4 21. Rhf1 g5
22. Kd1 Bc6 23. Kc1 c4 24. Bxc4 Bxe4 25. Kb1 Bg6 26. Nd5 Qd6 27. Nxf4 gxf4 28.
Qf3 Rc8 29. Qxf4 Qxf4 30. Rxf4 e5 31. Rf2 Rxc4 32. dxc4 b3 33. Kc1 bxc2 34. b4
Ke7 35. Ra3 Rd8 36. Rxc2 Bxc2 37. Kxc2 Rd4 38. Rc3 Rf4 39. Kd3 f5 40. b5 axb5
41. axb5 Kd6 42. c5+ Kc7 43. Rb3 Rf2 44. b6+ Kb8 45. Kc4 Rxg2 46. Rd3 Rg8 47.
c6 Kc8 48. Ra3 Kb8 49. Ra7 Rc8 50. c7+ Rxc7+ 51. bxc7+ Kc8 52. Kc5 Kd7 53. Kb6
1-0

[Event "Gibtelecom Masters"]
[Site "Gibraltar"]
[Date "2008.01.28"]
[Round "7.70"]
[White "Hamer, Martyn"]
[Black "Van Den Bersselaar, Jeroen"]
[Result "0-1"]
[WhiteElo "1962"]
[BlackElo "2164"]
[PlyCount "62"]
[EventDate "2008.01.22"]

1. e4 c6 2. d4 d5 3. Nc3 dxe4 4. Nxe4 Bf5 5. Ng3 Bg6 6. h4 h6 7. h5 Bh7 8. Nf3
Nd7 9. Bd3 Bxd3 10. Qxd3 e6 11. Bd2 Ngf6 12. O-O-O Bd6 13. Rde1 O-O 14. Ne2 Ng4
15. Rh4 Ndf6 16. Nf4 Qc7 17. Nh3 c5 18. Bc3 Rfd8 19. Qe2 Rac8 20. dxc5 Qxc5 21.
Kb1 Qb6 22. Ka1 Rxc3 23. bxc3 Qa5 24. Qc4 b5 25. Qb3 b4 26. c4 Ne5 27. Nxe5
Bxe5+ 28. Kb1 Bc3 29. Rf1 Qe5 30. f3 Qe2 31. Rc1 Rd1 0-1

[Event "Gibtelecom Masters"]
[Site "Gibraltar"]
[Date "2008.01.28"]
[Round "7.71"]
[White "Skage, Oystein Aagedal"]
[Black "Lazarus, Ben"]
[Result "0-1"]
[WhiteElo "1919"]
[BlackElo "2143"]
[PlyCount "42"]
[EventDate "2008.01.22"]

1. e4 e6 2. d4 d5 3. Nc3 Nf6 4. e5 Nfd7 5. f4 c5 6. Nf3 Nc6 7. Be3 cxd4 8. Nxd4
Bc5 9. Qd2 O-O 10. O-O-O a6 11. Nb3 b6 12. h4 Qc7 13. g4 Bb7 14. Bg2 Rac8 15.
Rh2 Bb4 16. a3 Bc5 17. Ne2 Bxe3 18. Qxe3 Ncxe5 19. Ned4 Nxg4 20. Qg3 Nxh2 21.
Qxh2 Nc5 0-1

[Event "Gibtelecom Masters"]
[Site "Gibraltar"]
[Date "2008.01.28"]
[Round "7.72"]
[White "Compton, Alistair"]
[Black "Edvardsen, Ingar"]
[Result "1-0"]
[WhiteElo "2132"]
[BlackElo "1972"]
[PlyCount "39"]
[EventDate "2008.01.22"]

1. e4 c5 2. Nc3 Nc6 3. Bb5 e6 4. Nge2 Nge7 5. d4 cxd4 6. Nxd4 e5 7. Nxc6 Nxc6
8. Be3 Be7 9. O-O O-O 10. f4 d6 11. f5 a6 12. Bc4 Bf6 13. Nd5 b5 14. Nxf6+ Qxf6
15. Bd5 Bd7 16. Qh5 g6 17. fxg6 Qxg6 18. Qxg6+ hxg6 19. Rf6 Kg7 20. Rxd6 1-0

[Event "Gibtelecom Masters"]
[Site "Gibraltar"]
[Date "2008.01.28"]
[Round "7.77"]
[White "Lindsoe, Fredrik Aunan"]
[Black "Makka, Ioulia"]
[Result "0-1"]
[WhiteElo "2001"]
[BlackElo "2186"]
[PlyCount "120"]
[EventDate "2008.01.22"]

1. e4 e6 2. d4 d5 3. Nc3 Nf6 4. Bg5 dxe4 5. Nxe4 Nbd7 6. Bd3 h6 7. Bxf6 Nxf6 8.
Nf3 Be7 9. Qe2 Nxe4 10. Bxe4 O-O 11. O-O-O c5 12. Kb1 cxd4 13. Nxd4 Qb6 14. Nb3
Qc7 15. g4 Bh4 16. Rd3 Bd7 17. Rc3 Qb6 18. f4 f5 19. gxf5 exf5 20. Bd5+ Kh8 21.
Nc5 Bc6 22. Bxc6 Qxc6 23. Qf3 Qxf3 24. Rxf3 Rf7 25. Rd1 Re8 26. Rfd3 Rfe7 27.
c3 Kh7 28. Rd7 b6 29. Nb3 Bf2 30. Nc1 Be3 31. Ne2 Bc5 32. Ng3 g6 33. b4 Rxd7
34. Rxd7+ Re7 35. Rd2 Be3 36. Re2 Kg7 37. Nf1 Bc5 38. Rxe7+ Bxe7 39. Ne3 Bd6
40. Nd5 Kf7 41. b5 Ke6 42. c4 g5 43. Kc2 g4 44. Kd3 Bc5 45. Ke2 h5 46. h3 gxh3
47. Kf3 h4 48. Nc7+ Kd7 49. Nd5 Kd6 50. Nc3 Bg1 51. Nd5 Bd4 52. Nb4 Kc5 53. Nd5
Kxc4 54. Ne7 Be3 55. Nxf5 Bxf4 56. a4 Kb4 57. Nd4 Kxa4 58. Nc6 Bb8 59. Nxb8
Kxb5 60. Nd7 a5 0-1

[Event "Gibtelecom Masters"]
[Site "Gibraltar"]
[Date "2008.01.28"]
[Round "7.78"]
[White "Larsson, Daniel"]
[Black "Erichsen, Dan"]
[Result "1/2-1/2"]
[WhiteElo "2003"]
[BlackElo "2169"]
[PlyCount "61"]
[EventDate "2008.01.22"]

1. e4 e5 2. Nf3 Nc6 3. Bc4 Nf6 4. d3 Be7 5. c3 O-O 6. O-O d6 7. Bb3 Na5 8. Bc2
c5 9. Re1 Nc6 10. Nbd2 Qb6 11. Nf1 Re8 12. Ne3 Bf8 13. d4 Ne7 14. d5 g6 15.
Nxe5 dxe5 16. d6 Qd8 17. dxe7 Bxe7 18. Nd5 Nxd5 19. exd5 Bd6 20. Ba4 Bd7 21.
Bxd7 Qxd7 22. c4 b5 23. b3 Rab8 24. Qc2 bxc4 25. bxc4 Rb4 26. Bh6 Qa4 27. Qd2
Rxc4 28. Qg5 Bf8 29. Bxf8 Kxf8 30. Rxe5 Rd4 31. Rxe8+ 1/2-1/2

[Event "Gibtelecom Masters"]
[Site "Gibraltar"]
[Date "2008.01.28"]
[Round "7.79"]
[White "Tate, Alan"]
[Black "Reichard, Sigge"]
[Result "1-0"]
[WhiteElo "2163"]
[BlackElo "1967"]
[PlyCount "57"]
[EventDate "2008.01.22"]

1. e4 e5 2. Bc4 Bc5 3. Nf3 Nc6 4. c3 Nf6 5. d3 d6 6. Bb3 Ne7 7. Nbd2 Ng6 8. Nf1
O-O 9. Ng3 c6 10. O-O Bb6 11. h3 h6 12. Re1 Re8 13. Nh2 d5 14. Qf3 dxe4 15.
dxe4 Be6 16. Ng4 Nxg4 17. hxg4 Qc8 18. Nf5 Bxb3 19. axb3 Qe6 20. b4 Rad8 21. g3
Rd7 22. Kg2 Ne7 23. Rh1 Qc4 24. g5 hxg5 25. Bxg5 f6 26. Rh8+ Kxh8 27. Qh5+ Kg8
28. Qxe8+ Kh7 29. Rh1# 1-0

[Event "Gibtelecom Masters"]
[Site "Gibraltar"]
[Date "2008.01.28"]
[Round "7.80"]
[White "Mundaca, Juan Carlos"]
[Black "Reppen, Ellisiv"]
[Result "1-0"]
[WhiteElo "2162"]
[BlackElo "1918"]
[PlyCount "73"]
[EventDate "2008.01.22"]

1. d4 d5 2. Nf3 Nf6 3. Bg5 e6 4. e3 c5 5. c3 Nc6 6. Bd3 cxd4 7. exd4 Be7 8.
Nbd2 O-O 9. O-O h6 10. Bh4 Nh5 11. Bxe7 Qxe7 12. g3 Nf6 13. Ne5 Nxe5 14. dxe5
Nd7 15. f4 b6 16. Nf3 Nc5 17. Nd4 Nxd3 18. Qxd3 Bd7 19. Rae1 Rac8 20. Rf2 Qc5
21. g4 f6 22. Qg3 fxe5 23. Rxe5 Rce8 24. g5 hxg5 25. Rxg5 Rf7 26. h4 Qf8 27.
Rg2 Ree7 28. Qd3 Rxf4 29. Rh5 Re4 30. Ne2 Be8 31. Rhg5 Rxh4 32. Qg3 Rh7 33. Qe5
Bb5 34. Nf4 Rh4 35. Rf2 Qe8 36. Ng6 Rf7 37. Nxh4 1-0

[Event "Gibtelecom Masters"]
[Site "Gibraltar"]
[Date "2008.01.28"]
[Round "7.81"]
[White "Hansen, Pal Andreas"]
[Black "Joseph, Adrian P"]
[Result "1-0"]
[WhiteElo "2108"]
[BlackElo "1958"]
[PlyCount "61"]
[EventDate "2008.01.22"]

1. e4 Nc6 2. Nf3 d6 3. Bc4 Nf6 4. d3 Bg4 5. c3 e6 6. Nbd2 Be7 7. O-O O-O 8. d4
Re8 9. b4 Bf8 10. Qb3 Bxf3 11. Nxf3 d5 12. exd5 exd5 13. Bd3 h6 14. b5 Na5 15.
Qa4 c5 16. Ne5 c4 17. Bf5 b6 18. Bd2 a6 19. Rab1 Bd6 20. f4 Bxe5 21. fxe5 Ne4
22. Bxe4 dxe4 23. Rf4 Rxe5 24. dxe5 Qxd2 25. Rbf1 e3 26. Qd1 Qxc3 27. Qd5 Rf8
28. Rxf7 Rxf7 29. Rxf7 Kh7 30. e6 Qd2 31. Qf5+ 1-0

[Event "Gibtelecom Masters"]
[Site "Gibraltar"]
[Date "2008.01.28"]
[Round "7.82"]
[White "Pettersson, Anders"]
[Black "Flores Chico, Jorge"]
[Result "0-1"]
[WhiteElo "1984"]
[BlackElo "2092"]
[PlyCount "72"]
[EventDate "2008.01.22"]

1. d4 d5 2. c4 Nc6 3. Nc3 dxc4 4. e3 e5 5. d5 Nce7 6. Bxc4 Ng6 7. Nge2 Nf6 8.
e4 Bd6 9. O-O O-O 10. Ng3 Ng4 11. h3 Nxf2 12. Rxf2 Bc5 13. Qe1 Bxf2+ 14. Qxf2
f5 15. exf5 Qh4 16. Nge4 Qxf2+ 17. Nxf2 Bxf5 18. Be3 Kh8 19. Rd1 a6 20. Nce4 b6
21. a3 h6 22. Rd2 Ne7 23. d6 cxd6 24. Nxd6 b5 25. Bb3 Rf6 26. g4 Be6 27. Bxe6
Rxe6 28. Nfe4 Nc6 29. Rc2 Ne7 30. Bc5 Nd5 31. b4 Kh7 32. Kh2 Rf8 33. Kg3 Rf1
34. Rf2 Ra1 35. Rf3 Nf4 36. Nf7 Ra2 0-1

[Event "Gibtelecom Masters"]
[Site "Gibraltar"]
[Date "2008.01.28"]
[Round "7.83"]
[White "Petrovic, Marko"]
[Black "Perman, Torvald"]
[Result "0-1"]
[WhiteElo "1983"]
[BlackElo "2092"]
[PlyCount "94"]
[EventDate "2008.01.22"]

1. e4 c5 2. Nf3 e6 3. d4 cxd4 4. Nxd4 a6 5. c4 Nf6 6. Nc3 Qc7 7. Be2 Bb4 8. Qd3
O-O 9. Bd2 Nc6 10. Nf3 d5 11. cxd5 exd5 12. Nxd5 Bxd2+ 13. Qxd2 Nxd5 14. exd5
Rd8 15. Rd1 Be6 16. d6 Qa5 17. Qxa5 Nxa5 18. O-O Bxa2 19. Rd2 Bc4 20. Rfd1 Rac8
21. Ne5 Bxe2 22. Rxe2 f6 23. Nf3 Rd7 24. b4 Nc4 25. Rc2 Rxd6 26. Rxd6 Nxd6 27.
Rxc8+ Nxc8 28. Nd4 Kf7 29. Kf1 Ne7 30. Ke1 Nd5 31. b5 axb5 32. Nxb5 Ke6 33. Kd2
Ke5 34. f3 f5 35. g3 g5 36. Kd3 h5 37. Na3 f4 38. Nc4+ Ke6 39. gxf4 Nxf4+ 40.
Ke4 b5 41. Ne3 b4 42. h4 b3 43. Nc4 Kf6 44. Nb2 Ng2 45. hxg5+ Kxg5 46. Nd3 h4
47. Nb2 h3 0-1

[Event "Gibtelecom Masters"]
[Site "Gibraltar"]
[Date "2008.01.28"]
[Round "7.84"]
[White "Matthews, Adrian M S"]
[Black "Havik, Victor"]
[Result "1/2-1/2"]
[WhiteElo "1920"]
[BlackElo "2072"]
[PlyCount "122"]
[EventDate "2008.01.22"]

1. e4 e5 2. Nf3 Nc6 3. Bb5 a6 4. Ba4 Nf6 5. O-O Be7 6. Re1 b5 7. Bb3 d6 8. c3
O-O 9. h3 Na5 10. Bc2 d5 11. Nxe5 dxe4 12. d4 exd3 13. Qxd3 Qxd3 14. Bxd3 Be6
15. Nd2 c5 16. Ndf3 h6 17. Ng6 Rfe8 18. Nxe7+ Rxe7 19. Be3 Rc8 20. Bf4 Rd7 21.
Bf1 Nd5 22. Bh2 Nb6 23. b3 c4 24. b4 Nc6 25. Ne5 Rd2 26. Red1 Rc2 27. Rdc1 Bf5
28. Rxc2 Bxc2 29. Rc1 Be4 30. Nxc6 Bxc6 31. Be5 {(=)} 31... Re8 32. Bd4 Nd5 33.
g3 Nc7 34. f4 Be4 35. Kf2 f5 36. Be5 Nd5 37. Bg2 Bxg2 38. Kxg2 Rd8 39. Kf3 Ne7
40. Re1 Rd3+ 41. Re3 Rxe3+ 42. Kxe3 Nc6 43. Bd6 h5 44. g4 hxg4 45. hxg4 g6 46.
g5 Kf7 47. Bc5 Ke6 48. Bf8 Kd5 49. Bc5 a5 50. a3 a4 51. Bf8 Nb8 52. Bg7 Nd7 53.
Bh8 {(=)} 53... Nf8 54. Bg7 Ne6 55. Bf6 Nc7 56. Bh8 Ne6 57. Bf6 Nf8 58. Bg7 Nd7
59. Bh8 Nb6 60. Bd4 Nd7 61. Bg7 Nb8 1/2-1/2

[Event "Gibtelecom Masters"]
[Site "Gibraltar"]
[Date "2008.01.28"]
[Round "7.85"]
[White "Marks, Ian A"]
[Black "Mortensen, Henrik"]
[Result "0-1"]
[WhiteElo "1919"]
[BlackElo "2034"]
[PlyCount "44"]
[EventDate "2008.01.22"]

1. e4 c5 2. Nf3 Nc6 3. d4 cxd4 4. Nxd4 Nf6 5. Nc3 e5 6. Ndb5 d6 7. Nd5 Nxd5 8.
exd5 Nb8 9. c4 Be7 10. Bd3 O-O 11. O-O f5 12. f3 Nd7 13. Be3 b6 14. b4 a6 15.
Nc3 Nf6 16. Qb3 Kh8 17. Rac1 Nh5 18. Rfd1 Bg5 19. Bxg5 Qxg5 20. Bf1 Qe3+ 21.
Kh1 Ng3+ 22. hxg3 Rf6 0-1

[Event "Gibtelecom Masters"]
[Site "Gibraltar"]
[Date "2008.01.28"]
[Round "7.86"]
[White "Jorgensen, Line Jin"]
[Black "Svendsen, Peter"]
[Result "1-0"]
[WhiteElo "1867"]
[BlackElo "2011"]
[PlyCount "73"]
[EventDate "2008.01.22"]

1. d4 g6 2. e4 d6 3. Nc3 Nf6 4. Bd3 Bg7 5. f3 c6 6. Nge2 Nbd7 7. Be3 b5 8. Qd2
e5 9. d5 cxd5 10. Nxb5 Nb6 11. exd5 O-O 12. c4 e4 13. fxe4 Nxe4 14. Bxb6 Qh4+
15. g3 Nxd2 16. gxh4 Nf3+ 17. Kf2 Ne5 18. Bd4 Nxd3+ 19. Ke3 Nxb2 20. Bxg7 Re8+
21. Kd4 Rxe2 22. Bh6 Bf5 23. Nxd6 Bg4 24. Rae1 Bf3 25. Rxe2 Bxe2 26. Re1 Bg4
27. Re7 Rd8 28. Ne8 Be6 29. Nf6+ Kh8 30. Re8+ Rxe8 31. Nxe8 Bf5 32. Nd6 Bb1 33.
Nxf7+ Kg8 34. Ne5 Bxa2 35. d6 Nxc4 36. Nxc4 Bxc4 37. d7 1-0

[Event "Gibtelecom Masters"]
[Site "Gibraltar"]
[Date "2008.01.28"]
[Round "7.88"]
[White "Georgieva, Emilia"]
[Black "Bryn, Askild"]
[Result "0-1"]
[WhiteElo "1985"]
[BlackElo "1997"]
[PlyCount "98"]
[EventDate "2008.01.22"]

1. d4 f5 2. e4 fxe4 3. Nc3 Nf6 4. Bg5 d5 5. Bxf6 exf6 6. Qh5+ g6 7. Qxd5 c6 8.
Qxd8+ Kxd8 9. Nxe4 Bg7 10. O-O-O Kc7 11. Bc4 Re8 12. Nc3 Nd7 13. Nf3 Nb6 14.
Bb3 Bg4 15. a4 Bxf3 16. gxf3 Rad8 17. a5 Nc8 18. d5 Nd6 19. h4 f5 20. h5 g5 21.
dxc6 bxc6 22. Na4 Re5 23. a6 f4 24. Rd2 Nf5 25. Rxd8 Kxd8 26. Rd1+ Kc7 27. Bc4
Nh4 28. b4 Bf8 29. Rd3 Bxb4 30. Rb3 Be1 31. Rb7+ Kc8 32. Rxa7 Bxf2 33. Rxh7 Ra5
34. Nc3 Nxf3 35. h6 Bd4 36. Kb2 Nd2 37. Be6+ Kb8 38. Rd7 Rb5+ 39. Kc1 Bxc3 40.
Rxd2 Re5 41. h7 Rxe6 42. h8=Q+ Bxh8 43. Rd8+ Ka7 44. Rxh8 Rg6 45. Kd2 g4 46.
Rh1 Kxa6 47. Kd3 Kb5 48. Ke4 f3 49. Ke3 Kc4 0-1

[Event "Gibtelecom Masters"]
[Site "Gibraltar"]
[Date "2008.01.28"]
[Round "7.89"]
[White "Gonzalez Amaya, Millan"]
[Black "Hughes, Roy"]
[Result "1/2-1/2"]
[WhiteElo "1823"]
[BlackElo "2051"]
[PlyCount "44"]
[EventDate "2008.01.22"]

1. e4 c5 2. Nc3 g6 3. Nge2 Bg7 4. g3 Nc6 5. Bg2 d6 6. O-O Nf6 7. d3 O-O 8. f4
Nd4 9. h3 Nxe2+ 10. Nxe2 Bd7 11. g4 Bc6 12. Ng3 e6 13. c3 d5 14. e5 Nd7 15. d4
cxd4 16. cxd4 Qb6 17. Kh2 Bb5 18. Rf3 f6 19. Rb3 Qc6 20. Rc3 Qb6 21. Rb3 Qc6
22. Rc3 Qb6 1/2-1/2

[Event "Gibtelecom Masters"]
[Site "Gibraltar"]
[Date "2008.01.28"]
[Round "7.90"]
[White "Lode, Marius"]
[Black "Jameson, David"]
[Result "0-1"]
[WhiteElo "1822"]
[BlackElo "2033"]
[PlyCount "72"]
[EventDate "2008.01.22"]

1. e4 c6 2. d4 d5 3. Nc3 dxe4 4. Nxe4 Bf5 5. Ng3 Bg6 6. Nf3 Nd7 7. h4 h6 8. h5
Bh7 9. Bd3 Bxd3 10. Qxd3 e6 11. Be3 Ngf6 12. O-O-O Bd6 13. c4 Qc7 14. Ne2 O-O-O
15. Kb1 c5 16. d5 exd5 17. cxd5 Kb8 18. Nc3 a6 19. Rh4 Rhe8 20. Ne4 Nxe4 21.
Rxe4 Rxe4 22. Qxe4 Nf6 23. Qf5 Qd7 24. Nh4 Qxf5+ 25. Nxf5 Bf8 26. d6 Nxh5 27.
Bxc5 g6 28. Bb6 Rd7 29. Bc7+ Kc8 30. Ne3 b5 31. Ng4 f6 32. Kc2 Kb7 33. Kb3 Kc6
34. Kb4 Rxc7 35. Ka5 Bxd6 36. Kxa6 Bc5 0-1

[Event "Gibtelecom Masters"]
[Site "Gibraltar"]
[Date "2008.01.28"]
[Round "7.93"]
[White "Kuenitz, Klaus"]
[Black "Munz, Jostein"]
[Result "1/2-1/2"]
[WhiteElo "1645"]
[BlackElo "1861"]
[PlyCount "79"]
[EventDate "2008.01.22"]

1. d4 Nf6 2. c4 g6 3. Nc3 Bg7 4. Nf3 d6 5. Bf4 O-O 6. e3 Nh5 7. Bg5 h6 8. Bh4
g5 9. Nd2 Nf6 10. Bg3 Re8 11. Bd3 e5 12. O-O Nc6 13. d5 Ne7 14. Qc2 Nh5 15. f4
Nxg3 16. hxg3 f5 17. fxg5 hxg5 18. g4 f4 19. exf4 gxf4 20. Bh7+ Kh8 21. g5 Ng8
22. Nf3 Bg4 23. Bg6 Rf8 24. Qf2 Bxf3 25. Qh4+ Bh6 26. Rxf3 Qxg5 27. Qxg5 Bxg5
28. Ne4 Bh6 29. Kf2 Kg7 30. Bh5 Nf6 31. Nxf6 Kxf6 32. Rh3 Rh8 33. Rah1 Bg7 34.
Bf3 Rxh3 35. Rxh3 Rh8 36. Rxh8 Bxh8 37. Be4 Ke7 38. Kf3 Bf6 39. g3 fxg3 40.
Kxg3 1/2-1/2